[Event "North American-ch U20"]
[Site "Charlotte"]
[Date "2020.12.22"]
[Round "8"]
[White "Le, Harry"]
[Black "Chasin, Nico Werner"]
[Result "1-0"]
[WhiteElo "1833"]
[BlackElo "2303"]
[PlyCount "115"]
[EventDate "2020.12.19"]
[EventType "swiss"]
[EventRounds "9"]
[EventCountry "USA"]
[SourceTitle "CBM 199 Extra"]
[Source "ChessBase"]
[SourceDate "2021.01.31"]
[SourceVersion "1"]
[SourceVersionDate "2021.01.31"]
[SourceQuality "1"]

1. d4 Nf6 2. c4 e6 3. Nf3 d5 4. g3 dxc4 5. Bg2 a6 6. 0-0 b5 7. Ne5 Nd5 8. a4 Bb7 9. axb5 axb5 10. Rxa8 Bxa8 11. e4 Nf6 12. Nc3 c6 13. d5 Bd6 14. Bf4 Bxe5 15. Bxe5 0-0 16. dxe6 fxe6 17. Bh3 Qc8 18. Qd6 Re8 19. Ra1 Bb7 20. Ra7 Na6 21. Rxb7 Qxb7 22. Bxe6+ Kh8 23. Bxf6 Nb8 24. Be5 b4 25. Na4 c3 26. bxc3 b3 27. c4 Qe7 28. Qxe7 Rxe7 29. Bxb8 Rxe6 30. f4 Rxe4 31. Nb2 Re2 32. Be5 Kg8 33. h4 h5 34. Kf1 Rc2 35. f5 Kf7 36. Ke1 Rg2 37. Nd3 Rc2 38. c5 g6 39. f6 Ke6 40. Kd1 Ra2 41. Kc1 Kf7 42. Bb2 Ra4 43. Kd2 Ke6 44. Nf4+ Kf7 45. Nh3 Ra2 46. Ng5+ Kf8 47. Kc3 Ra5 48. Kxb3 Rb5+ 49. Ka2 Ra5+ 50. Ba3 Ra4 51. f7 Rg4 52. Bc1 Rxg3 53. Bf4 Rg2+ 54. Kb3 Rf2 55. Bd6+ Kg7 56. f8Q+ Rxf8 57. Ne6+ Kf6 58. Nxf8 1-0

[Event "World op 48th"]
[Site "ICC INT"]
[Date "2020.08.09"]
[Round "8"]
[White "Le, Harry"]
[Black "Nyzhnyk, Illya"]
[Result "1/2-1/2"]
[WhiteElo "1833"]
[BlackElo "2665"]
[PlyCount "102"]
[EventDate "2020.08.07"]
[EventType "swiss"]
[EventRounds "9"]
[EventCountry "USA"]
[SourceTitle "CBM 197 Extra"]
[Source "ChessBase"]
[SourceDate "2020.09.30"]
[SourceVersion "1"]
[SourceVersionDate "2020.09.30"]
[SourceQuality "1"]

1. d4 d5 2. Nf3 Nf6 3. c4 dxc4 4. e3 e6 5. Bxc4 a6 6. 0-0 b5 7. Bd3 Bb7 8. Qe2 Nbd7 9. a4 b4 10. a5 c5 11. Nbd2 cxd4 12. exd4 Be7 13. Nc4 0-0 14. Bg5 Nd5 15. Qe4 g6 16. Qh4 Bxg5 17. Nxg5 N7f6 18. Ne5 Nh5 19. Be4 h6 20. Ngf3 Qxh4 21. Nxh4 Nhf6 22. Bd3 Nf4 23. Bc4 Rfd8 24. Rfd1 Rd6 25. Nhf3 Rad8 26. Rac1 Nd7 27. g3 Nh3+ 28. Kf1 Ng5 29. Be2 Nxf3 30. Nxf3 Bxf3 31. Bxf3 Nf6 32. Rc4 Nd5 33. h4 Kg7 34. Ke2 b3 35. Rd3 Rb8 36. Bxd5 Rxd5 37. Rc5 Rb4 38. Rxd5 exd5 39. Ke3 Rb5 40. Rc3 Rxa5 41. Rxb3 g5 42. hxg5 hxg5 43. Ra3 Rxa3+ 44. bxa3 Kf6 45. g4 Ke6 46. f4 f6 47. fxg5 fxg5 48. Kd3 Kd6 49. Kc3 Kc6 50. Kb4 Kb6 51. a4 a5+ 1/2-1/2

[Event "World op 48th"]
[Site "ICC INT"]
[Date "2020.08.07"]
[Round "1"]
[White "Postny, Evgeny"]
[Black "Le, Harry"]
[Result "1-0"]
[WhiteElo "2600"]
[BlackElo "1833"]
[PlyCount "81"]
[EventDate "2020.08.07"]
[EventType "swiss"]
[EventRounds "9"]
[EventCountry "USA"]
[SourceTitle "CBM 197 Extra"]
[Source "ChessBase"]
[SourceDate "2020.09.30"]
[SourceVersion "1"]
[SourceVersionDate "2020.09.30"]
[SourceQuality "1"]

1. d4 Nf6 2. c4 e6 3. Nf3 b6 4. g3 Bb7 5. Bg2 Be7 6. 0-0 0-0 7. Re1 Na6 8. Nc3 Ne4 9. Bf4 f5 10. h4 Bf6 11. Nd2 Nxc3 12. bxc3 Bxg2 13. Kxg2 d5 14. Nf3 c5 15. Qa4 Qc8 16. cxd5 exd5 17. Be5 c4 18. Bxf6 Rxf6 19. Ne5 Nc7 20. f3 a5 21. e4 b5 22. Qc2 dxe4 23. fxe4 a4 24. d5 fxe4 25. Qxe4 Rd6 26. Rad1 Qb7 27. Nc6 Re8 28. Qxe8+ Nxe8 29. Rxe8+ Kf7 30. Rb8 Qa6 31. Rf1+ Rf6 32. Rb7+ Kg8 33. Rb8+ Kf7 34. Rxf6+ gxf6 35. a3 Kg6 36. Kf3 Kh6 37. Ke3 b4 38. cxb4 c3 39. b5 c2 40. Kd2 c1Q+ 41. Kxc1 1-0

[Event "Titled Tuesday intern op 14th April"]
[Site "Chess.com INT"]
[Date "2020.04.14"]
[Round "3"]
[White "Le, Harry"]
[Black "Huda, Maryana"]
[Result "1-0"]
[WhiteElo "1833"]
[BlackElo "2128"]
[PlyCount "63"]
[EventDate "2020.04.14"]
[EventType "swiss (blitz)"]
[EventRounds "10"]
[EventCountry "USA"]
[SourceTitle "EXT 2021"]
[Source "ChessBase"]
[SourceDate "2020.10.23"]
[SourceVersion "1"]
[SourceVersionDate "2020.10.23"]
[SourceQuality "1"]

1. d4 Nf6 2. c4 e6 3. g3 Bb4+ 4. Nd2 c5 5. Ngf3 cxd4 6. Nxd4 Nc6 7. Nc2 Be7 8. Bg2 d5 9. 0-0 d4 10. Nb3 e5 11. f4 exf4 12. Bxf4 0-0 13. Ncxd4 Qb6 14. Kh1 Rd8 15. Nxc6 bxc6 16. Qc2 Be6 17. Rac1 a5 18. e3 c5 19. Bxa8 Rxa8 20. Nd2 Bc8 21. e4 Bb7 22. Rce1 Re8 23. Kg1 Bf8 24. Qb3 Qc6 25. Qb5 Qc8 26. Qxa5 Qh3 27. Qb5 Ng4 28. Re2 Rxe4 29. Nxe4 Bxe4 30. Qe8 Bd3 31. Qxf8+ Kxf8 32. Bd6+ 1-0

[Event "Titled Tuesday intern op 14th April"]
[Site "Chess.com INT"]
[Date "2020.04.14"]
[Round "4"]
[White "Le, Harry"]
[Black "Vajda, Levente"]
[Result "1-0"]
[WhiteElo "1833"]
[BlackElo "2534"]
[PlyCount "65"]
[EventDate "2020.04.14"]
[EventType "swiss (blitz)"]
[EventRounds "10"]
[EventCountry "USA"]
[SourceTitle "EXT 2021"]
[Source "ChessBase"]
[SourceDate "2020.10.23"]
[SourceVersion "1"]
[SourceVersionDate "2020.10.23"]
[SourceQuality "1"]

1. d4 d5 2. c4 e6 3. Nf3 Nf6 4. g3 Be7 5. Bg2 0-0 6. 0-0 dxc4 7. Na3 Bxa3 8. bxa3 Bd7 9. Qc2 Bc6 10. Qxc4 Nbd7 11. Rd1 Nb6 12. Qb4 a5 13. Qb2 a4 14. Bg5 h6 15. Bxf6 Qxf6 16. Rac1 Qd8 17. e3 Bd5 18. Qc2 c6 19. e4 Bc4 20. Rb1 Bb5 21. d5 exd5 22. exd5 Nxd5 23. Nd4 Ba6 24. Nxc6 bxc6 25. Qxc6 Be2 26. Rxd5 Qc8 27. Qxc8 Raxc8 28. Re1 Rc2 29. Rd4 Rxa2 30. Rxa4 Rd8 31. Rb4 Bg4 32. Rxg4 Rxa3 33. h4 1-0